[Event "ITA-ch sf 81st"]
[Site "Acqui Terme"]
[Date "2022.06.15"]
[Round "5"]
[White "Cassi, Elisa"]
[Black "Favini, Matteo"]
[Result "1-0"]
[WhiteElo "1999"]
[BlackElo "1692"]
[PlyCount "51"]
[EventDate "2022.06.12"]
[EventType "swiss"]
[EventRounds "9"]
[EventCountry "ITA"]
[SourceTitle "CBM 208 Extra"]
[Source "ChessBase"]
[SourceDate "2022.07.31"]
[SourceVersion "1"]
[SourceVersionDate "2022.07.31"]
[SourceQuality "1"]

1. d4 e5 2. dxe5 Nc6 3. Nf3 Qe7 4. Nc3 Nxe5 5. Bf4 d6 6. e4 Nf6 7. Qd4 Bf5 8. 0-0-0 Bg6 9. Nxe5 dxe5 10. Qxe5 Ng4 11. Qxc7 Qxc7 12. Bxc7 Bc5 13. Bb5+ Kf8 14. Nd5 Nxf2 15. b4 Bxe4 16. bxc5 Bxd5 17. Rxd5 Nxh1 18. Rf5 f6 19. Rf1 Rc8 20. Bd6+ Kf7 21. Rxh1 Rhd8 22. Re1 b6 23. Ba6 Re8 24. Rxe8 Rxe8 25. c6 Ke6 26. c7 1-0

[Event "Verona op-B"]
[Site "Verona"]
[Date "2017.01.05"]
[Round "5.2"]
[White "Favini, Matteo"]
[Black "Giacchino, Claudio"]
[Result "1-0"]
[WhiteElo "1666"]
[BlackElo "1615"]
[PlyCount "149"]
[EventDate "2017.01.02"]
[EventType "swiss"]
[EventRounds "7"]
[EventCountry "ITA"]
[SourceTitle "EXT 2018"]
[Source "ChessBase"]
[SourceDate "2017.10.13"]
[SourceVersion "1"]
[SourceVersionDate "2017.10.13"]
[SourceQuality "1"]

1. d4 d5 2. Bf4 Nf6 3. e3 e6 4. c4 Bd6 5. Bg5 Be7 6. Bxf6 Bxf6 7. Nf3 Nc6 8. Nc3 0-0 9. Rc1 a6 10. cxd5 exd5 11. Qb3 Ne7 12. Bd3 c6 13. Na4 Qc7 14. Nb6 Rb8 15. Nxd5 Nxd5 16. Qxd5 Be6 17. Qe4 g6 18. Bc4 Bxc4 19. Rxc4 Qa5+ 20. Nd2 Qxa2 21. Qc2 Qa5 22. 0-0 Rfe8 23. Nb3 Qd8 24. Nc5 Re7 25. b4 a5 26. Rb1 axb4 27. Rcxb4 Qa5 28. Ra4 Qd8 29. h3 Ra8 30. Rxb7 Rxa4 31. Qxa4 Rxb7 32. Nxb7 Qb6 33. Nc5 Be7 34. Nd7 Qb1+ 35. Kh2 Qb2 36. Qxc6 Qxf2 37. Ne5 Bh4 38. Qc8+ Kg7 39. Qg4 g5 40. Nf3 h5 41. Qxh5 Bg3+ 42. Kh1 Qf1+ 43. Ng1 f6 44. Qe2 Qf2 45. Qxf2 Bxf2 46. e4 Bxd4 47. Nf3 Ba1 48. g4 Kf7 49. Kg2 Ke6 50. Kf2 Bb2 51. Ke3 Bc1+ 52. Kd4 Bf4 53. Kc5 Bg3 54. Kc6 Bf4 55. Kb7 Bg3 56. Kc8 Bf4 57. Kd8 Bg3 58. Ke8 Bf4 59. Kf8 Bc1 60. Kg7 Be3 61. Kg6 Bc1 62. Nd4+ Ke5 63. Ne2 Bb2 64. Ng3 Kf4 65. Nh5+ Kxe4 66. Nxf6+ Ke5 67. Kxg5 Bc1+ 68. Kg6 Ke6 69. h4 Bb2 70. g5 Bc1 71. h5 Ke7 72. h6 Bxg5 73. Kxg5 Kf7 74. Kf5 Kf8 75. Kg6 1-0